00406 a2200121 4500082001600000100001300016245004500029260004800074300002700122650002500149999001500174952009500189 a624.171 AUT aAu, Tung aElementary Structural MechanicscTung Au aNew Jersey :bPrentice Hall of India,c1963 a521p. :bill. ;c25 cm aStructural Mechanics c1239d1239 00104070aNITbNITcCEd0000-00-00l0o624.171 AUTpNIT-748 r2017-01-05w2017-01-05yBK